01427cam a22003377i 4500001000500000005001700005020001800022040005400040100003300094245004400127246001900171250003600190260005800226300006000284490002400344500007300368505000800441520020100449521002800650521002000678650002900698650003400727650003100761650003800792650001700830700004300847906004500890942001500935999001500950952012400965411220260318135151.0 a9780764166617 aIMFbengcIMFerdadAU@dOCLCOdBTCTAdOCLCOdDLC1 aWehrmeijer, Annelieneauthor10aRuby & Molly /cby Annelien Wehrmeijer3 aRuby and Molly aFirst edition for North America aNew York :bBarron's Educational Series , Inc ;c2014 a10 unnumbered pages : bcolor illustrations ;c13 cm . 0 aMy best friend & me aWARNING: CHOKING HAZARD - Small parts. Not for children under 3 yrs. aC  a"Ruby and her best friend Molly love being outdoors in every season. Together they learn that Molly's fleece is very useful. Use the Molly finger puppet to make the story come alive!"--Back cover. a80 bLexile estimate  aC bRaz-Plus  0aSheepvJuvenile fiction. 0aFriendshipvJuvenile fiction. 0aSeasonsvJuvenile fiction. 0aToy and movable booksvSpecimens. 0aBoard books.1 aLeijgraaf, Deborah van deeillustrator a7bcbcccopycatd2encipf20gy-gencatlg 2ddccBKn0 c4112d4112 00102ddc40708JUVFa002b002cTTP Dark Greend2024-06-07l0oWEH p2024-0836r2026-04-23 08:05:15t1w2024-06-07yBK